000 01576nam a2200361 a 4500
001 00003815
003 DO-SdBNP
005 20180312094031.0
007 00003815
008 091117s2001 dr abc 000 0 spa d
020 _a8482614185
040 _aBPMSU
_bspa
_cBPMSU
092 _a372.84
_bR696r
100 1 _aRodríguez, Federico
245 0 0 _aReligión 5 :
_b[educación básica] /
_cFederico Rodríguez ; dirección editorial Obdulia García de Escobar ; ilustración Ruddy Núñez.
246 1 3 _aReligión :
_bformacin integral, humana y religiosa
260 _aSanto Domingo :
_bSantillana,
_c2001.
300 _a63 p. :
_bil. ;
_c28 cm.
490 1 _aUmbral
505 _t¿Y nosotros, qué podemos hacer? --
_t¿En qué se distinguen los cristianos? --
_t¿Cómo defiende Jesús la vida? --
_t¿Cómo viven los amigos de Jesús? --
_t¿Quiénes fueron los primeros amigos de Jesús? --
_t¿Cómo se formaron las primeras comunidades cristiana? --
_t¿Quiénes forman hoy la iglesia? --
_t¿Qué creemos los cristianos? --
_t¿Somos todos misioneros?
650 _aRELIGIÓN
_xENSEÑANZA BÁSICA
650 4 _aRELIGIÓN
_xESTUDIOS Y EJERCICIOS
650 4 _aRELIGIÓN
_xLIBROS DE TEXTOS
650 4 _aRELIGIÓN
_xEDUCACIÓN PRIMARIA
650 4 _aEDUCACIÓN PRIMARIA
_zREPÚBLICA DOMINICANA
700 1 2 _aGarcía de Escobar, Obdulia,
_eed.
700 1 _aNúñez, Ruddy,
_eil.
830 0 _aUmbral
910 _aValidado. Control de validad MFF
942 _2ddc
_cBK
945 _ainventariado, 2018 / dg
956 _aLOPEREZ
_b10
_c20160428
_lBPMSU
_h00041
999 _c9525
_d9525